000 00706nam a2200205Ia 4500
003 GCL
008 140319s9999 xx 000 0 ara d
040 _aGCL /
_cGCL
082 0 4 _a810.8
_bث ا
100 1 _aجليل العطية (تحقيق)
245 1 0 _aاداب الملوك /
_cجليل العطية (تحقيق)
700 1 _aالثعالبى : ابومنصور عبدالملك بن محمد بن اسماعيل النيسابورى
260 _aبيروت :
_bدار الغرب الاسلامى ،
_c1990
300 _a287 ص
490 _a
650 0 4 _aالملوك والحكام
650 0 4 _aالملوك والحكام فى الادب
650 0 4 _aالملوك
942 _2ddc
_cBK
999 _c35311
_d35311